| 000 | 01015nam a2200301 i 4500 | ||
|---|---|---|---|
| 003 | EG-GICUC | ||
| 005 | 20260422203529.0 | ||
| 008 | 260422s1966 fr ||||f |||| 00| 0 fre d | ||
| 040 |
_aEG-GiCUC _bfre _cEG-GiCUC _dEG-GiCUC _eRda |
||
| 041 | _afre | ||
| 082 | 0 | 4 |
_221 _a343 |
| 092 | 0 | 4 | _221 |
| 099 | _aLaw1 10 343 MA . L 1966 B1010044 C1 | ||
| 100 | 1 |
_aMarc, Gilbert _eAuteur |
|
| 245 | 1 | 0 |
_aL'homicide en droit anglais depuis la loi de 1957 / _cGilbert Marc ; préface de G. Levasseur. |
| 264 |
_aParis : _bLibrairie Générale de Droit et de Jurisprudence, _c1966. |
||
| 300 |
_a148 pages ; _c 24 cm. |
||
| 336 |
_2rda contenu _a texte |
||
| 337 |
_2rda medias _aOrdinateur |
||
| 338 |
_2 transporteur rda _a Ressource en ligne |
||
| 490 |
_aBibliothèque de Sciences Criminelles ; _vTOME III |
||
| 650 | 1 |
_aDroit pénal _2qrmak |
|
| 651 | 1 | _2qrmak | |
| 700 | 1 |
_aLevasseur, G. _ePréfacier |
|
| 856 | 4 | 0 | _uhttps://fll.law.cu.edu.eg/fulltext/bks/B1010044.pdf |
| 905 | _a162 | ||
| 942 |
_2ddc _cBK _e21 _n0 |
||
| 999 |
_c72878 _d72878 |
||